000 00523nam a2200169 i 4500
001 20985
003 ES-MaACL
005 20230906152410.0
007 t|
008 021120s1971 sp ||||1| spa d
100 1 _aAlarcón Creus, José.
_919139
245 1 0 _aTratado práctico de refrigeración automática /
_cJosé Alarcón Creus.
250 _a6ª ed., ampl. y puesta al día.
260 _aBarcelona :
_bMarcombo,
_c[1971]
300 _a378 p. :
_b5 h. pleg., il. ;
_c25 cm.
852 _aES-MaACL
_jC-53280
_bR.91704
999 _c20985
_d20985